• 首页
  • 本馆介绍
  • 公告通知
  • 最新文献
  • 馆藏检索
  • 电子资源
  • 读者荐购
  • 参考咨询
  • CALIS
  • 我的图书馆
  • 登录
  • 详细信息显示
  • 放入我的书架
  • 预约/预借图书
  • 作者相关作品
  • 分类相关作品
  • 丛书相关作品
  • 出版社相关作品

书目信息

  • 表格格式
  • 工作单格式
  • 卡片格式
题名:
起重滑车 安全要求
    
 
作者: 国家质量技术监督局 发布
分册:  
出版信息: 北京   中国标准出版社  1998.12
页数: 5页
开本: 16开
丛书名:
单 册:
中图分类: TH2-65
科图分类:
主题词: 起重机械 , 运输机械
电子资源:
ISBN:
 
 
 
 
 
000 00608nam0 2200205 45
001 0009221709
005 20000922172925.9
010    @d8.00元
100    @a20000922d1998 km y0chiy0120 ea
101 0  @achi
105    @a z 000yy
200 1  @a起重滑车 安全要求@AQi Zhong Hua Che An Quan Yao Qiu@f国家质量技术监督局发布@FGuo Jia Zhi Liang Ji Shu Jian Du Ju Fa Bu
210    @a北京@c中国标准出版社@d1998.12
215    @a5页@d16开
606 0  @a起重机械
606 0  @a运输机械
690    @aTH2-65@v3
701  0 @a国家质量技术监督局@4发布
801    @aCN@bPftUser@c20000922
905    @b150475@dTH2-65@eG:347@f1
    
    起重滑车 安全要求/国家质量技术监督局发布.-北京:中国标准出版社,1998.12
    5页;16开
    
    
    ISBN :8.00元
    
●
相关链接 在E读中查询图书 在当当中查询图书 在豆瓣中查询图书


正题名:起重滑车安全要求     索取号:TH2-65/G:347         预约/预借

序号 登录号 条形码 馆藏地/架位号 状态 备注
1 150475   201504755   自科库501/201建筑库 26排4列1层/ [索取号:TH2-65/G:347] 在馆    
河南城建学院图书馆 欢迎您!
大连网信软件有限公司© 版权所有